000 00682nam a2200229Ii 4500
003 JO-AjNU
008 230606s9999||||xx |||||||||||||| ||und||
020 _a0-7121-0686-3
040 _aJO-AjNU
_beng
_erda
_cJO-AjNU
041 _aeng
050 1 4 _aHF5686.C7 1986
100 3 _aWoolf,Emile,
_eauthor
_93271
245 0 0 _aAdvanced Auditing and Investigations
250 _a2 ed
264 3 1 _aLondon: Emile Woolf,1986
300 _a556p
_b Includes indexes(p547-556)
336 _atext
_btxt
_2rdacontent
337 _aunmediated
_bn
_2rdamedia
338 _avolume
_bnc
_2rdacarrier
490 0 _aM&E Professional studies series
650 4 _aCorporations-Great Britain
_93272
999 _aE1711
_c1711
_d1711